000 00655nam a2200121Ia 4500
008 220620s9999||||xx |||||||||||||| ||und||
100 _aMäkitalo , Åsa||Nicewonger , Todd E.||Elam, Mark
245 0 _aChapter Preface
546 _aEnglish[eng]
650 _aDigital Learning||Digital Media||Digital Transformation||EARLI||Education||Technology||Research||Practice
856 _uhttps://library.oapen.org/bitstream/20.500.12657/24714/1/9781138592711_oapreface.pdf||https://library.oapen.org/bitstream/20.500.12657/24714/1/9781138592711_oapreface.pdf||https://library.oapen.org/bitstream/20.500.12657/24714/1/9781138592711_oapreface.pdf
942 _cEB
999 _c26688
_d26688